00755nam a22002297a 4500001000200000003000900002005001700011007000200028008002500030020001500055040002200070082002700092100004600119245007800165260004000243300002600283490002600309600007900335650003900414650003200453700004000485 DO-SdBNP20230309124449.0 160706b 1995 ec| 0 spa d a997878269X aBPMSUbspacBPMSU 4a823.8.bB275P 19952221 aBarrie, J. M. (James Matthew)d1860-193710aPeter Pan /cJ. M. Barrie ; adaptación del texto Graciella Eldredge  aEditorial Ecuador :bLibresa,c1995 a75 p. :bil.,c23 cm.0 aClásicos de siempre 4aBarrie, James Matthew, d1860-1937tPeter Pan xAdaptaciones teatrales.  4xLiteratura iglesa infantil a e  4aCuentos ingleses Infantiles1 a Eldredge, Gracielae adaptación